Wydarzenia historyczne – w naszej erze czy przed? - Statystyki

Ogólne statystyki
  • Ten quiz został rozwiązany 2 313 razy
  • Średni wynik to 13 z 18
Statystyki odpowiedzi
Zagadnienie Odpowiedź % Poprawnych
Kolumb przypływa do Nowego Świata n.e.
99%
Zbudowano Piramidę Cheopsa w Egipcie p.n.e.
95%
Wilhelm Zdobywca podbija Anglię n.e.
94%
Pierwsze znane zdobycie szczytu Mont Blanc, najwyższej góry Alp n.e.
94%
Pierwsza pisemna wzmianka o Moskwie n.e.
88%
Wyginął mamut włochaty p.n.e.
84%
Odbyła się Wojna trojańska p.n.e.
84%
Kiedy Babilon ostatni raz był największym miastem na świecie p.n.e.
82%
Początek islamu n.e.
77%
Zbudowano Stonehenge p.n.e.
77%
Wynalezienie prochu n.e.
67%
Narodziny Buddy p.n.e.
65%
Narodziny Aleksandra Wielkiego p.n.e.
65%
Powstała pierwsza osada ludzka w Nowej Zelandii n.e.
61%
Morderstwo Juliusza Cezara p.n.e.
59%
Założenie Imperium Inków n.e.
56%
Wynalezienie szachów n.e.
55%
Pierwszy znany heliocentryczny model Układu Słonecznego p.n.e.
26%
Nie znaleziono quizów pasujących do podanych kryteriów
Rozkład punktacji
Procent ludzi z każdym wynikiem
Percentyl według liczby udzielonych odpowiedzi
Twoja historia wyników
Nie rozwiązałeś tego quizu